000 01432cam a22004214i 4500
003 PE-LiUPU
005 20250731172949.0
008 150623s r 000 0 d
020 _a0801021405
035 _a(Sirsi) i9780801021404
040 _aPE-LiUPU
_bspa
_cPE-LiUPU
_erda
049 _aPRUA
082 0 4 _a269.20973
_bE68e
_223
100 1 _aErickson, Millard J.,
_eautor.
245 1 4 _aThe evangelical left :
_bencountering postconservative evangelical theology /
_cMillard J. Erickson.
264 1 _aMichigan :
_bBaker Books,
_c1997.
300 _a157 páginas ;
_c21 centímetros
336 _atext
_2rdacontent
337 _aunmediated
_2rdamedia
338 _avolume
_2rdacarrier
505 0 _aPostconservative evangelical theology in context. -The task and method of theology. -The doctrine of scripture. -The doctrine of God. -The doctrine of Salvation. -Where to from Here?.
526 _aSEG42
526 _aSEG41
526 _aSEG40
526 _aSEG39
526 _aP94
526 _aP87
526 _aP86
526 _aP85
526 _aP77
526 _aP76
526 _aP35
650 0 4 _aEvangelicalismo
_zNorteamérica
_xHistory
_ySiglo XX.
942 _2ddc
_cBK
_n0
949 _a269.20973 E68e
_wDEWEY
_c1
_i44901
_lCCODEBUL1
_mBUL
_r0
_sY
_tBOOK
_u2015-6-24
_xTEOLOGIA
_0COMPRA
_o.STAFF. Colección General
999 _c21771
_d21771
980 _81
_gALBERTO SANCHEZ Responsable de Automatización